| 000 | 00348nam a2200133Ia 4500 | ||
|---|---|---|---|
| 008 | 230907s9999||||xx |||||||||||||| ||und|| | ||
| 082 |
_a306.0951 _bYOU |
||
| 100 |
_aYulie, Lou. _9116251 |
||
| 245 | 4 | _aThe Chinese Character / | |
| 260 |
_aSichuan People's publishing House, _c2017 |
||
| 300 | _a275 p. | ||
| 650 | _aChinese Studies. | ||
| 942 | _cBK | ||
| 999 |
_c601662 _d601662 |
||